000 00316nam a22001337a 4500
020 _a0-553-2777-X
082 _a823
_bMAN/G
100 _aMANDINO,O.G
245 _aTHE GREATEST SALESMAN IN THE WORLD
260 _aNEW YORK
_bBANTAM BOOKS
300 _a119
650 _aPERSONALITY DEVELOPMENT
_zNEW YORK
942 _cBK
999 _c5389
_d5389